| 000 | 00346nam a22001337a 4500 | ||
|---|---|---|---|
| 008 | 170203b xxu||||| |||| 00| 0 eng d | ||
| 020 | _a9781584262251 | ||
| 041 | _aeng | ||
| 080 |
_22nd _a61 |
||
| 100 | _a3 | ||
| 101 | _aSHM | ||
| 245 |
_aHEALTHCARE CODE SETS, CLINICAL TERMINOLOGIES AND CLASSIFICATION SYSTEMS _cGIANNANGELO, K |
||
| 942 |
_2udc _cBK |
||
| 999 |
_c4469 _d4469 |
||